| 000 | 00862cam a22002655a 4500 | ||
|---|---|---|---|
| 001 | L159739 | ||
| 008 | 150226s2017 xxk f 000 0 eng d | ||
| 035 | _a(Sirsi) u159739 | ||
| 041 | 0 | _aeng | |
| 100 | 1 |
_aHooper, Brendon _96168 |
|
| 245 | 0 | 4 | _aThe new town's new town |
| 260 | _c2017 | ||
| 490 |
_aModus _vDecember 2017 - January 2018, 32-33 (2) |
||
| 520 | _aBracknell town centre, once a sorry landscape of urban neglect, has been transformed into the Lexicon, an attractive retail and leisure space. | ||
| 590 | _aKA | ||
| 650 | 2 | 4 | _aURBAN DEVELOPMENT |
| 650 | 2 | 4 | _aURBAN REGENERATION PROJECTS |
| 650 | 2 | 4 | _aMIXED-USE DEVELOPMENTS |
| 650 | 2 | 4 | _aOPEN STREETS SHOPPING CENTRE DESIGN |
| 650 | 2 | 4 | _aREGENERATION |
| 651 | 4 |
_aUnited Kingdom _y |
|
| 690 | _aBUILDING AND CONSTRUCTION-PROJECTS | ||
| 690 |
_aCommercial property _96227 |
||
| 942 | _n0 | ||
| 999 |
_c84950 _d84950 |
||